000 00665nam a2200301Ia 4500
005 20260401122336.0
008 008 250103s9999 xx 000 0 eng d
020 _a9780321209375
037 _aTB
040 _aEDL
040 _beng
040 _cEDL
041 _2eng
041 _aeng
084 _a823.5 FIE
084 _qEDL
100 _aFielding, Henry
_91232619
245 0 _aHistory of the Adventures of Joseph Andrews
245 0 _cFielding, Henry
260 _aNew York
260 _bPearson
260 _c2008
300 _a363p
942 _cTB
942 _h823.5 FIE
999 _c1846644
_d1846644